|
|
|
|
| LEADER |
02542nam a2200565 a 4500 |
| 001 |
nkc20122409841 |
| 003 |
CZ PrNK |
| 005 |
20170601132954.0 |
| 007 |
ta |
| 008 |
121005s2012 xr abc e 000 0 cze |
| 015 |
|
|
|a cnb002409841
|
| 020 |
|
|
|a 978-80-244-3200-7
|q (brož.) :
|c neprodejné
|
| 035 |
|
|
|a (OCoLC)817050753
|
| 040 |
|
|
|a OLA001
|b cze
|d ABA001
|
| 043 |
|
|
|a e-xr---
|
| 045 |
|
|
|a y0y2
|
| 072 |
|
7 |
|a 37.014
|x Vzdělávací a výchovná politika
|2 Konspekt
|9 22
|
| 080 |
|
|
|a 37.014.542
|2 MRF
|
| 080 |
|
|
|a 316.344.6-056.26/.3
|2 MRF
|
| 080 |
|
|
|a 364-786
|2 MRF
|
| 080 |
|
|
|a 37.091.321
|2 MRF
|
| 080 |
|
|
|a 316.77:81'42
|2 MRF
|
| 080 |
|
|
|a (437.3)
|2 MRF
|
| 080 |
|
|
|a (059)
|2 MRF
|
| 100 |
1 |
|
|a Jurkovičová, Petra,
|d 1980-
|7 mzk2008486335
|4 aut
|
| 245 |
1 |
0 |
|a Almanach projektu Posilování kompetencí v oblasti informačních technologií mladých vědeckých pracovníků při práci s osobami se zdravotním postižením /
|c Petra Jurkovičová
|
| 246 |
3 |
0 |
|a Posilování kompetencí v oblasti informačních technologií mladých vědeckých pracovníků při práci s osobami se zdravotním postižením
|
| 250 |
|
|
|a 1. vyd.
|
| 260 |
|
|
|a Olomouc :
|b Univerzita Palackého v Olomouci,
|c 2012
|
| 300 |
|
|
|a 43 s. :
|b barev. il., mapy, portréty ;
|c 21 cm
|
| 610 |
2 |
7 |
|a Posilování kompetencí v oblasti informačních technologií mladých vědeckých pracovníků při práci s osobami se zdravotním postižením (projekt)
|7 kn20121015015
|2 czenas
|
| 648 |
|
7 |
|a 2001-2020
|7 ch460601
|2 czenas
|
| 650 |
0 |
7 |
|a vzdělávací projekty
|7 ph242428
|z Česko
|y 2001-2020
|2 czenas
|
| 650 |
0 |
7 |
|a osoby se zdravotním postižením
|7 ph127575
|2 czenas
|
| 650 |
0 |
7 |
|a sociální integrace
|7 ph125789
|2 czenas
|
| 650 |
0 |
7 |
|a pedagogické dovednosti
|7 ph157201
|2 czenas
|
| 650 |
0 |
7 |
|a komunikační dovednosti
|7 ph180925
|2 czenas
|
| 650 |
0 |
9 |
|a educational projects
|z Czechia
|y 2001-2020
|2 eczenas
|
| 650 |
0 |
9 |
|a people with disabilities
|2 eczenas
|
| 650 |
0 |
9 |
|a social integration
|2 eczenas
|
| 650 |
0 |
9 |
|a teaching skills
|2 eczenas
|
| 650 |
0 |
9 |
|a communication skills
|2 eczenas
|
| 655 |
|
7 |
|a almanachy
|7 fd131789
|2 czenas
|
| 655 |
|
9 |
|a almanacs
|2 eczenas
|
| 710 |
2 |
|
|a Posilování kompetencí v oblasti informačních technologií mladých vědeckých pracovníků při práci s osobami se zdravotním postižením (projekt)
|7 kn20121015015
|
| 910 |
2 |
|
|a BOA001
|b 2-1293.231
|
| 990 |
|
|
|a BK
|
| 995 |
|
|
|a 01
|
| 991 |
|
|
|b 201210
|c NOV
|e n
|
| 996 |
6 |
|
|b 2610525635
|c 2-1293.231
|l MZK
|r Sklad / do 1 hodiny
|n 0
|p p.v.
|w 001291565
|u 000010
|a 1
|e BOA001
|j MZK50
|s P
|